A textbook of engineering mathematics (Record no. 6614)

000 -LEADER
fixed length control field 00579nam a2200205Ia 4500
008 - FIXED-LENGTH DATA ELEMENTS--GENERAL INFORMATION
fixed length control field 200103s 2004 ||||xx |||||||||||||| ||und||
020 ## - INTERNATIONAL STANDARD BOOK NUMBER
International Standard Book Number 9798170083657
082 ## - DEWEY DECIMAL CLASSIFICATION NUMBER
Classification number 510.2462
Item number BAL
100 ## - MAIN ENTRY--PERSONAL NAME
Personal name Bali, N. P.
245 #2 - TITLE STATEMENT
Title A textbook of engineering mathematics
250 ## - EDITION STATEMENT
Edition statement 6th
260 ## - PUBLICATION, DISTRIBUTION, ETC. (IMPRINT)
Name of publisher, distributor, etc Laxmi Publications (P) Ltd.
Place of publication, distribution, etc New Delhi
Date of publication, distribution, etc 2004
300 ## - PHYSICAL DESCRIPTION
Extent 1425p.
504 ## - BIBLIOGRAPHY, ETC. NOTE
Bibliography, etc "Includes Appendices".
650 ## - SUBJECT ADDED ENTRY--TOPICAL TERM
Topical term or geographic name as entry element Vector Algebra
650 ## - SUBJECT ADDED ENTRY--TOPICAL TERM
Topical term or geographic name as entry element Statistics and Probability
650 ## - SUBJECT ADDED ENTRY--TOPICAL TERM
Topical term or geographic name as entry element Virtual work
700 ## - ADDED ENTRY--PERSONAL NAME
Personal name Iyengar, N. Ch. S. Narayana
Relator term Co-author
942 ## - ADDED ENTRY ELEMENTS (KOHA)
Item type Books
Holdings
Withdrawn status Lost status Source of classification or shelving scheme Damaged status Not for loan Collection code Permanent location Current location Shelving location Date acquired Full call number Barcode Date last seen Koha item type Public note Total Checkouts Total Renewals Checked out Date last borrowed
          Non-fiction IMU-MPC Library IMU-MPC Library General Stacks 2020-01-08 510.2462 BAL MPC4197 2025-03-17 Books Column - 21        
          Non-fiction IMU-MPC Library IMU-MPC Library General Stacks 2020-01-08 510.2462 BAL MPC4194 2025-03-17 Books Column - 21        
          Non-fiction IMU-MPC Library IMU-MPC Library General Stacks 2020-01-08 510.2462 BAL MPC4196 2023-02-24 Books Column - 21 1 2 2025-04-01 2023-02-24
          Non-fiction IMU-MPC Library IMU-MPC Library General Stacks 2020-01-08 510.2462 BAL MPC4198 2024-04-12 Books Column - 21        
          Non-fiction IMU-MPC Library IMU-MPC Library General Stacks 2020-01-08 510.2462 BAL MPC4195 2025-03-17 Books Column - 21        
Copyright © 2021 Indian Maritime University, Mumbai Port Campus. All Rights Reserved. Managed & Maintained by Central Library, IMU-Mumbai

webs counters

Powered by Koha